Awards for Excellence in Texas School Health.

Bibliographic Details
Format: Government Document Serial
Language:English
Published: Austin, Tex. : Texas Dept. of Health, Bureau of Children's Health, Awards for Excellence in Texas School Health.
Subjects:

MARC

Tag First Indicator Second Indicator Subfields
LEADER 00000cas a2200000 a 4500
001 in00001407540
005 20151020062222.0
008 980211c19uu9999txuar s0 0eng d
035 |a (OCoLC)38420348 
035 |9 AHP0991AM 
040 |a IKM  |c IKM  |d TXA  |d UtOrBLW 
049 |a TXAO 
086 |a H600.3 AW71  |2 txdocs 
245 0 0 |a Awards for Excellence in Texas School Health. 
264 1 |a Austin, Tex. :  |b Texas Dept. of Health, Bureau of Children's Health, Awards for Excellence in Texas School Health. 
300 |a volumes :  |b illustrations ;  |c 28 cm. 
310 |a Annual 
336 |a text  |b txt  |2 rdacontent 
337 |a unmediated  |b n  |2 rdamedia 
338 |a volume  |b nc  |2 rdacarrier 
500 |a Description based on: 1998; title from cover. 
610 2 0 |a Awards for Excellence in Texas School Health  |x Periodicals. 
650 0 |a School health services  |z Texas  |x Awards  |x Periodicals. 
948 |a c:jrh 
999 |a MARS 
999 f f |s 15632e7d-6cce-38f3-a25b-01c2e59e405e  |i ed0003be-5243-32e2-b0f3-d69cd9971a55  |t 0 
952 f f |p normal  |a Texas A&M University  |b College Station  |c Sterling C. Evans Library  |d Evans: Texas Documents (Annex 5th floor)  |t 0  |e H600.3 AW71  |h Superintendent of Documents classification  |i unmediated -- volume  |l 1999/2000  |m A14827953661 
952 f f |p normal  |a Texas A&M University  |b College Station  |c Sterling C. Evans Library  |d Evans: Texas Documents (Annex 5th floor)  |t 0  |e H600.3 AW71  |h Superintendent of Documents classification  |i unmediated -- volume  |l 2000/2001  |m A14827953700 
952 f f |p normal  |a Texas A&M University  |b College Station  |c Sterling C. Evans Library  |d Evans: Texas Documents (Annex 5th floor)  |t 0  |e H600.3 AW71  |h Superintendent of Documents classification  |i unmediated -- volume  |l 1998/1999  |m A14823060034 
998 f f |a H600.3 AW71  |s 1998/1999-2000/2001  |t 0  |l Evans: Texas Documents (Annex 5th floor)